MARC

LEADER 00000nam0a2200000 4500
001 259898
005 20231101233428.0
035 |a (RuTPU)RU\TPU\book\282844 
090 |a 259898 
100 |a 20140513d1988 k y0rusy50 ca 
101 0 |a rus 
102 |a RU 
105 |a a z 101zy 
200 1 |a Процессы электропереноса и накопления заряда в диэлектриках  |e материалы VI Всесоюзной конференции по физике диэлектриков, секция № 2, ноябрь 1988, Москва  |f Министерство электронной промышленности СССР ; науч. ред. С. Н. Койков 
210 |a Москва  |c ЦНИИ Электроника  |d 1988 
215 |a 87 с.  |c ил. 
225 1 |a Тезисы докладов конференций 
225 1 |a Серия 6 : Материалы  |v Вып. 1 (277) 
320 |a Библиография в конце докладов. 
606 1 |a Диэлектрики  |x Физика  |2 stltpush  |3 (RuTPU)RU\TPU\subj\9771 
610 1 |a заряд 
610 1 |a электроперенос 
610 1 |a накопление 
610 1 |a релаксация 
610 1 |a пленочные полимерные диэлектрики 
610 1 |a неорганические диэлектрики 
610 1 |a электропроводность 
610 1 |a конференции 
675 |a 621.315.61:53(063)  |v 3 
702 1 |a Койков  |b С. Н.  |4 340 
712 0 2 |a Министерство электронной промышленности СССР  |2 stltpush  |3 (RuTPU)RU\TPU\col\9667  |9 24740 
712 1 2 |a Процессы электропереноса и накопления заряда в диэлектриках  |b конференция  |d 6  |e Москва  |f 1988 
801 1 |a RU  |b 63413507  |c 20140513 
801 2 |a RU  |b 63413507  |c 20170216  |g RCR 
942 |c BK